Marāṭhī sãśodhana. (Record no. 75418)

MARC details
000 -LEADER
fixed length control field 00610cam a22002411 4500
001 - CONTROL NUMBER
control field sa 67005748
003 - CONTROL NUMBER IDENTIFIER
control field DLC
005 - DATE AND TIME OF LATEST TRANSACTION
control field 20260227112400.0
008 - FIXED-LENGTH DATA ELEMENTS--GENERAL INFORMATION
fixed length control field 891018m19669999ii b 000 0 maro
010 ## - LIBRARY OF CONGRESS CONTROL NUMBER
LC control number sa 67005748
035 ## - SYSTEM CONTROL NUMBER
System control number (OCoLC)20509095
040 ## - CATALOGING SOURCE
Original cataloging agency DLC
Transcribing agency WaU
Modifying agency DLC
042 ## - AUTHENTICATION CODE
Authentication code premarc
050 00 - LIBRARY OF CONGRESS CALL NUMBER
Classification number PK2353
Item number .M28
110 2# - MAIN ENTRY--CORPORATE NAME
Corporate name or jurisdiction name as entry element Marāṭhī sãśodhana-patrikā.
245 00 - TITLE STATEMENT
Title Marāṭhī sãśodhana.
260 ## - PUBLICATION, DISTRIBUTION, ETC.
Date of publication, distribution, etc. 1966.
300 ## - PHYSICAL DESCRIPTION
Extent v. in
Dimensions 22 cm.
500 ## - GENERAL NOTE
General note In Marathi.
504 ## - BIBLIOGRAPHY, ETC. NOTE
Bibliography, etc. note Bibliographical footnotes.
650 #0 - SUBJECT ADDED ENTRY--TOPICAL TERM
Topical term or geographic name entry element Marathi philology.
700 1# - ADDED ENTRY--PERSONAL NAME
Personal name Priolkar, Anant Kakba.

No items available.

Powered by Koha